Kinderfotos von Stars 3 - Statistiken

Allgemein
  • Dieses Quiz wurde 519 mal gespielt
  • Das Durchschnittsergebnis liegt bei 7 aus 12
Antwortstatistiken
Hint Antwort % Korrekt
Zendaya
93%
Lady Gaga
74%
Margot Robbie
73%
Jennifer Lawrence
72%
Orlando Bloom
59%
Cillian Murphy
54%
Christina Ricci
52%
Mark Ruffalo
50%
Chris Evans
48%
Bella Ramsey
47%
Tom Hiddelston
47%
Jensen Ackles
26%
Keine übereinstimmenden Quizze gefunden
Verteilung der Resultate
Anzahl Personen mit jedem Resultat
Perzentil nach korrekt beantworteten Fragen
Ihre Resultats-Entwicklung
Sie haben dieses Quiz noch nicht gespielt